Derecho Tributario Peruano Principios y fundamentos / Vol. I

Detalles Bibliográficos
Autor principal: Ruiz de Castilla Ponce de Len̤, Francisco
Formato: eBook
Lenguaje:español
Publicado: Lima: Palestra Editores, 2021
Materias:
Acceso en línea:Acceso restringido

MARC

LEADER 00000nam a22000007a 4500
005 20220824215635.0
007 cr|||| ||||
008 220824s2021 pe |||||s|||| 00||0 spa d
020 |a 9786123252151 
035 |a 36947 
040 |a vLex 
090 |c 13813  |d 13813 
100 1 |a Ruiz de Castilla Ponce de Len̤, Francisco 
245 1 0 |a Derecho Tributario Peruano  |h [Recurso electrn̤ico] :  |b Principios y fundamentos /  |c Francisco Ruiz de Castilla Ponce de Len̤  |n Vol. I 
256 |a Servicio en ln̕ea 
260 |a Lima:  |b Palestra Editores,  |c 2021 
300 |a 1 recurso electrn̤ico 
500 |a Este primer volumen de Derecho Tributario Peruano se centra en los aspectos ms̀ fundamentales de la materia tributaria en el Per.︢ Se trata de una obra de fc̀il lectura que introduce al lector en los conceptos ms̀ esenciales de la materia, recurriendo constantemente a ejemplos prc̀ticos vinculados a la tributacin̤ de personas naturales y jurd̕icas. El transito de la obra permite conocer el origen y evolucin̤ del Derecho Tributario contemporǹeo, su relacin̤ con la economa̕ (polt̕ica fiscal) y con el Derecho Financiero Pb︢lico, la teora̕ del Derecho Tributario, la incidencia de la constitucionalizacin̤ en esta rama, as ̕como la paulatina codificacin̤ de la misma. Adicionalmente, se analizan dos aspectos de especial relevancia para el autor: los aspectos jurd̕icos del sistema nacional tributario y la liberacin̤ tributaria (inmunidad, inafectacin̤, exoneracin̤, beneficio e incentivo tributario). Con todo esto, el primer volumen de Derecho Tributario Peruano se constituye en una obra bs̀ica para conocer lo ms̀ relevante de esta rama den nuestro pas̕. 
506 1 |a Disponible solo en los productos indicados  |d vLex Global  |d vLex Global (Academic Edition, excluding Law Schools)  |d vLex Global (U.S. Academic Edition, Law Schools)  |d vLex Global (U.S. Academic Edition, excluding Law Schools)  |d vLex Global (Academic Edition, Law Schools) 
650 0 4 |a Derecho Tributario  |z Per︢ 
740 0 |a vLex Libros (Servicio en ln̕ea) 
856 4 0 |u https://app.vlex.com/#/sources/36947  |z Acceso restringido 
942 |c BOOK 
999 0 |a Tax Law